Princess Charlotte's Birth Registration Quiz Stats

Quiz Updated May 8, 2015

Challenge
Share
Tweet
Score 0/17 Timer 05:00
1 Play Today
% Correct
Royal
94.4%
Female
91.7%
Prince
90.9%
Kingdom
90%
United
89.5%
Highness
89.1%
Princess
85.2%
Catherine
81.5%
Duke
81.4%
% Correct
Second
79.6%
Elizabeth
79.2%
Middleton
78.8%
Cambridge
76.2%
Diana
75.9%
Kensington
54.5%
Philip
47.8%
Arthur
38.8%

You're not logged in!

Compare scores with friends on all Sporcle quizzes.
Join for Free
OR
Log In

You Might Also Like...

Show Comments

Extras

Top Quizzes Today


Score Distribution

Your Account Isn't Verified!

In order to create a playlist on Sporcle, you need to verify the email address you used during registration. Go to your Sporcle Settings to finish the process.

Report this User

Report this user for behavior that violates our Community Guidelines.

Details: